LEADER 01083nam a2200265 i 4500 001 991003107799707536 005 20021125155153.0 008 021024s1991 it 020 $a8820470047 035 $ab11755519-39ule_inst 035 $aLE02522838$9ExL 040 $aFac. Economia$bita 082 0 $a658.4 100 1 $aAndersen, Erling S$0141882 245 10$aLeadership, innovazione, risultati :$bil GPMO ovvero come gestire i progetti mirando agli obiettivi, il breviario per il project manager di successo e per l'alta direzione innovativa /$cErling S. Andersen ... [et al.] 260 $aMilano :$bAngeli,$c1991 300 $a257 p. ;$c23 cm 490 0 $aAzienda moderna ;$v258 650 4$aAziende$xDirezione 907 $a.b11755519$b04-02-19$c27-11-02 912 $a991003107799707536 945 $aLE025 ECO 658.4 AND01.01$g1$i2025000084827$lle025$nCatalogato 2019$o-$pE0.00$q-$rl$s- $t0$u4$v0$w4$x0$y.i11999366$z27-11-02 996 $aLeadership, innovazione, risultati$9904490 997 $aUNISALENTO 998 $ale025$b01-01-02$cm$da $e-$feng$git $h0$i1 LEADER 01331nam0 22002771i 450 001 UON00477045 005 20231205105232.545 100 $a20170524d1961 |0itac50 ba 101 $ager 102 $aDE 105 $a|||| ||||| 200 1 $aReligiöse Bewegungen im Mittelalter$eUntersuchungen uber die geschchtlichen Zusammenhange zwischen der Ketzerei, den Bettelorden und religiosen Frauenbewegung im 12. und 13. Jahrhundert und die geschitlichen Grundlagen der deutschen Mystik ; Anhang: Neue Beiträge zur Geschichte der religiösen Bewegungen im Mittelalter$fHerbert Grundman 210 $aHildesheim$cOlms$d1961 215 $aVI, 580 p.$d24 cm. 316 $avalore stimato$5IT-UONSI Fil.GI/255 606 $aChiesa$xStoria$3UONC034722$2FI 606 $aERESIE$3UONC039101$2FI 606 $aORDINI RELIGIOSI$xSec. 12.-13.$3UONC088855$2FI 620 $aDE$dHildesheim$3UONL000317 700 1$aGRUNDMANN$bHerbert$3UONV138665$0159261 801 $aIT$bSOL$c20250110$gRICA 899 $aSIBA - SISTEMA BIBLIOTECARIO DI ATENEO$2UONSI 912 $aUON00477045 950 $aSIBA - SISTEMA BIBLIOTECARIO DI ATENEO$dSI Fil.G I 255 $eSI FG 1438/1 5 255 valore stimato 996 $aReligiose Bewegungen im Mittelalter$923472 997 $aUNIOR